000 00501nam a2200193 a 4500
001 1770285653420
003 YourLibrary
005 20260205153745.0
008 260205s2006##################000#0#eng##
020 _a9780071478953
082 0 4 _a333.30688NAC
100 1 _aChaney, Paul,
_eauthor.
245 1 0 _aRealty Blogging :
260 _bMcGraw-Hill Education,
_c2006.
300 _a224 pages
650 0 _aBusiness & Economics.
942 _cENGLISH
040 _aYourLibrary
_beng
_cYourLibrary
999 _c610525
_d610525